Sapo y Sepo son amigos

Saved in:
Bibliographic Details
Main Author: Lobel, Arnold (autor)
Format: Book
Language:Spanish
Published: Santiago Aguilar Chilena de Ediciones 2006
Edition:8a. ed
Series:Alfaguara Infantil
Subjects:
Tags: Add Tag
No Tags, Be the first to tag this record!

MARC

LEADER 00000cam a2200000 a 4500
001 UCF7467
003 CL-VaPUC
008 130627e20060000CL |||||||||||||||||spa|d
020 |a 9562390888 
082 0 4 |a 813  |b LOB  |2 21 
100 |a Lobel, Arnold  |e autor  |9 238 
245 1 0 |a Sapo y Sepo son amigos 
250 |a 8a. ed 
300 |a 66 p 
942 |c BK 
945 |d 20130627 00:00:00  |a cmena 
260 |a Santiago  |b Aguilar Chilena de Ediciones  |c 2006 
650 7 |a RELATOS ESTADOUNIDENSES  |2 CL-VaPUC  |9 464385 
650 0 |a Cuentos estadounidenses  |9 265133 
650 0 |a Cuentos infantiles  |9 308044 
650 0 |a Literatura estadounidense  |9 317168 
583 |a last modification  |c 20130627 13:18:00  |k Rodrigo Vera 
490 0 |a Alfaguara Infantil 
999 |c 352296  |d 352294